History and culture of Tamil Nadu : (Record no. 9964)

MARC details
000 -LEADER
fixed length control field 01235 a2200277 4500
010 ## - LIBRARY OF CONGRESS CONTROL NUMBER
LC control number ENG-89086-87
020 ## - INTERNATIONAL STANDARD BOOK NUMBER
International Standard Book Number 8124603081 (v.1)
Terms of availability 620.00 (v.1)
020 ## - INTERNATIONAL STANDARD BOOK NUMBER
International Standard Book Number 8124603693 (v.2)
Terms of availability 400.00 (v.2)
035 ## - SYSTEM CONTROL NUMBER
System control number EN-72619
037 ## - SOURCE OF ACQUISITION
Source of stock number/acquisition DBAD / PUB
082 ## - DEWEY DECIMAL CLASSIFICATION NUMBER
Classification number 954.31
090 ## - LOCALLY ASSIGNED LC-TYPE CALL NUMBER (OCLC); LOCAL CALL NUMBER (OCLC)
-- 10204
-- 10204
100 ## - MAIN ENTRY--PERSONAL NAME
Personal name Madhavan, Chithra
245 ## - TITLE STATEMENT
Title History and culture of Tamil Nadu :
Remainder of title as gleaned from the Sanskrit inscriptions /
Statement of responsibility, etc by Chithra Madhavan
260 ## - PUBLICATION, DISTRIBUTION, ETC. (IMPRINT)
Place of publication, distribution, etc New Delhi
Name of publisher, distributor, etc D.K. Printworld
Date of publication, distribution, etc 2007
270 ## - ADDRESS
Address `Sri Kunj', F-32, Bali Nagar,
City New Delhi
Postal code 110 015
300 ## - PHYSICAL DESCRIPTION
Extent 2 V. (xix, 305p.; xvii, 198p.)
Dimensions 23 cm (Hb)
490 ## - SERIES STATEMENT
Series statement (Reconstructing Indian history and culture, no. 29)
Volume number/sequential designation V.1
490 ## - SERIES STATEMENT
Series statement (Reconstructing Indian history and culture, no. 31)
Volume number/sequential designation V.2
500 ## - GENERAL NOTE
General note This book published in 2 vols. & includes bibliographical references and index
505 ## - FORMATTED CONTENTS NOTE
Formatted contents note v.1 - (Upto c.AD 1310) v.2 - (c.1310-c.1885 AD)
650 ## - SUBJECT ADDED ENTRY--TOPICAL TERM
Topical term or geographic name as entry element Inscriptions, Sanskrit
942 ## - ADDED ENTRY ELEMENTS (KOHA)
Institution code [OBSOLETE] dpl
Koha item type English Books
Call number prefix 954.31 / MAD
Holdings
Withdrawn status Lost status Source of classification or shelving scheme Damaged status Not for loan Collection code Home library Current library Source of acquisition Cost, normal purchase price Total Checkouts Total Renewals Full call number Barcode Date last seen Copy number Uniform Resource Identifier Cost, replacement price Price effective from Koha item type
    Dewey Decimal Classification   Not For Loan Non-fiction D.B.Act.Division D.B.Act.Division DBAD/PUB 620.00     954.31 MAD EN-72619 (v.1) 15/09/2008 1 10977 620.00 15/09/2008 English Books
    Dewey Decimal Classification   Not For Loan Non-fiction D.B.Act.Division D.B.Act.Division DBAD/PUB 400.00     954.31 MAD EN-72620 (v.2) 15/09/2008 1 10979 400.00 15/09/2008 English Books

© Delhi Public Library
Hit Counter
free hit counter